000 01712nam a2200193 a 4500
001 000023167
005 20200930022030.0
008 101129s1985 mx r 000 | spa d
040 _aDO-SdBNP
_bspa
_cBNPHU
082 _axxx
_bP467s
245 1 0 _aPerspectivas social y política sobre directrices de energía /
_ceditado por Karen M. Gentemann ; traducción de Rosa María Arroyo Tepichin.
260 _aMexico :
_bNoema,
_c1985.
300 _a262 p. :
_bil., mapas ;
_c21 cm.
505 0 _tIntroducción /
_rThomas J. Wilbanks
_tProblemas, dilemas y la crisis de energía /
_rDavid W. Orr
_tEvolución de la tecnología: una perspectiva del impacto social en las tecnologías de la energía alternativa /
_rRoger P. Hansen
_tComparaciones del uso de la energía entre países: implicaciones para la política de los Estados Unidos /
_rJoel Darmstadter
_tCostos de energía en aumento y el pobre: nuevos retos para la organización de la comunidad /
_rJohn W. Hatch y Tony L. Whitehead
_tEvaluación de los impactos sociales sobre la conservación de la energía /
_rMarvin E. Olson
_tConsecuencias para la salud de los sistemas de energía alternativa /
_rCarl M. Shy
_tAltruismo y conservación de la energía: generando apoyo público /
_rElizabeth Martin
_tAspectos intergubernamentales, institucionales y sociales de los sistemas nacionales de producción de energía /
_rEdward L. Helminski
_aFunciones gubernamentales en la administración de energía: una perspectiva de investigación y agenda/
_rAnne D. Stubbs
534 _aTítulo original :
_tSocial and political perspectives on energy policy
700 1 _aArroyo Tepichin, Rosa María
_etr.
_947690
700 1 _aWilbanks, Thomas J.
_eintrod.
_947691
049 _aBNGR
999 _c22664
_d22664